UBT Library

CONTEMPORARY MATERNAL-NEWBORN NURSING CARE (Record no. 2917)

000 -LEADER
fixed length control field 00280nam a22001097a 4500
008 - FIXED-LENGTH DATA ELEMENTS--GENERAL INFORMATION
fixed length control field 170116b xxu||||| |||| 00| 0 eng d
020 ## - INTERNATIONAL STANDARD BOOK NUMBER
International Standard Book Number 9780805380514
041 ## - LANGUAGE CODE
Language code of text/sound track or separate title eng
080 ## - UNIVERSAL DECIMAL CLASSIFICATION NUMBER
Edition identifier 5TH
Universal Decimal Classification number 618.2
245 ## - TITLE STATEMENT
Title CONTEMPORARY MATERNAL-NEWBORN NURSING CARE
Statement of responsibility, etc LADEWIG, P.W
942 ## - ADDED ENTRY ELEMENTS (KOHA)
Source of classification or shelving scheme
Item type Books
Holdings
Withdrawn status Lost status Source of classification or shelving scheme Damaged status Not for loan Collection code Permanent location Current location Shelving location Date acquired Total Checkouts Full call number Barcode Date last seen Price effective from Koha item type
          Koleksioni i përgjithshem UBT - Lipjan UBT - Lipjan Koleksioni i përgjithshem 01/16/2017   618.2 LAD 002-029995 01/16/2017 01/16/2017 Books
          Koleksioni i përgjithshem UBT - Lipjan UBT - Lipjan Koleksioni i përgjithshem 03/12/2021   610.73 LAD 002-7002135 03/12/2021 03/12/2021 Books
UBT Library © 2015-2024. All rights reserved University Education for Business and Technology